Lễ tục vòng đời "Trăm năm trong cõi người ta"
Sách giới thiệu các phong tục tập quán trong một đời người và lễ tết ở Phú Yên
保存先:
| 第一著者: | |
|---|---|
| 言語: | Undetermined |
| 出版事項: |
Hà Nội
Đại học Quốc gia Hà Nội
2011
|
| 主題: | |
| タグ: |
タグ追加
タグなし, このレコードへの初めてのタグを付けませんか!
|
| Thư viện lưu trữ: | Trung tâm Học liệu Trường Đại học Trà Vinh |
|---|
| LEADER | 00845nam a2200253Ia 4500 | ||
|---|---|---|---|
| 001 | TVU_10121 | ||
| 008 | 210423s9999 xx 000 0 und d | ||
| 020 | |a 9786045000403 | ||
| 041 | |a Vie | ||
| 082 | |a 392.0959755 | ||
| 082 | |b H507 | ||
| 100 | |a Trần Sỹ Huệ | ||
| 245 | 0 | |a Lễ tục vòng đời "Trăm năm trong cõi người ta" | |
| 245 | 0 | |c Trần Sỹ Huệ | |
| 260 | |a Hà Nội | ||
| 260 | |b Đại học Quốc gia Hà Nội | ||
| 260 | |c 2011 | ||
| 300 | |a 171 tr. | ||
| 300 | |c 21 cm | ||
| 520 | |a Sách giới thiệu các phong tục tập quán trong một đời người và lễ tết ở Phú Yên | ||
| 650 | |a Manners and customs; Phong tục tập quán | ||
| 653 | |a Phong tục cổ truyền w1w Văn hóa Việt Nam | ||
| 700 | |a Trần Sỹ Huệ | ||
| 980 | |a Trung tâm Học liệu Trường Đại học Trà Vinh | ||


